000 00996nam0a22002651 4500
001 RU\NLR\INFOCOMM_190\5000062714
005 20250613094614.0
035 _a(NLR Aleph) 009267990
090 _a9084197
_c9084197
100 _a20100825d1985 |||y0rusy50 ca
101 1 _aspa
_crus
102 _aRU
105 _aa ||||000|y
200 1 _aMemorias de un soldado
_ePáginas de un relato autobiogr.
_fDavid Dragunski
_g[Trad. del ruso por Oleg Karandashov]
210 _aΜ.
_cProgreso
_d1985
215 _a276 с., 1 л. портр.
_cил., портр.
_d17 см
300 _aНа обороте тит. л.: Мемуары солдата: Страницы автобиогр. повести / Давид Драгунский
686 _aЦ35(2)722
_2rubbk
700 1 _9z01790
_aDragunskij
_bD. A.
_f1910-
_gDavid Abramovič
_4070
790 1 _9z01700
_aDragunski
_bD.
_gDavid
_4070
801 1 _aRU
_bNLR
_c20100825
801 0 _aRU
_bNLR
_gPSBO
852 _aNLR
_jВ11 Д-1/85
942 _cBOOK
980 _aNB